On Screen 3 - Workbook And Grammar Book (Registro nro. 2072)

Detalles MARC
000 -LEADER
fixed length control field 00505nam a22001817a 4500
003 - CONTROL NUMBER IDENTIFIER
control field OSt
005 - DATE AND TIME OF LATEST TRANSACTION
control field 20260415113249.0
008 - FIXED-LENGTH DATA ELEMENTS--GENERAL INFORMATION
fixed length control field 260415b |||||||| |||| 00| 0 eng d
020 ## - INTERNATIONAL STANDARD BOOK NUMBER
International Standard Book Number 9781471535000
082 ## - DEWEY DECIMAL CLASSIFICATION NUMBER
Edition number 9781471535000
Classification number 9781471535000
Item number 9781471535000
100 ## - MAIN ENTRY--PERSONAL NAME
Personal name Perfect Paperback
245 ## - TITLE STATEMENT
Title On Screen 3 - Workbook And Grammar Book
250 ## - EDITION STATEMENT
Edition statement 1RA
260 ## - PUBLICATION, DISTRIBUTION, ETC.
Place of publication, distribution, etc. E.E U.U
Name of publisher, distributor, etc. ‎ Express Publishing
Date of publication, distribution, etc. 2015
300 ## - PHYSICAL DESCRIPTION
Extent 115 pag
Dimensions 27,6 x 21,6 cm.
490 ## - SERIES STATEMENT
Materials specified tapa blanda
942 ## - ADDED ENTRY ELEMENTS (KOHA)
Source of classification or shelving scheme Dewey Decimal Classification
Koha item type Acceso Libre
Suppress in OPAC No
Existencias
Withdrawn status Lost status Source of classification or shelving scheme Damaged status Not for loan Collection Home library Current library Shelving location Date acquired Source of acquisition Coded location qualifier Inventory number Total checkouts Full call number Barcode Date last seen Copy number Price effective from Koha item type
    Dewey Decimal Classification     Estantería F Fila 2 Biblioteca Stanford Biblioteca Stanford Biblioteca Abierta 15.04.2026 IDIOMAS 0496 0496   INGLES IDIOMA0496 15.04.2026 1 15.04.2026 Acceso Libre
Bienvenido a nuestra Biblioteca